| 000 | 00569nam a2200157 a 4500 | ||
|---|---|---|---|
| 008 | 120416s1972 ||||||||||||||||| || u | ||
| 050 | _aHF 5415 Wil | ||
| 100 | _aWilson, Aubrey | ||
| 245 | 1 | 4 | _aThe marketing of professional services |
| 260 |
_aLondon _bMcGraw-Hill _c1972 |
||
| 300 | _axvi, 193p. | ||
| 350 | _a0.00 | ||
| 650 | 0 | _aMARKETING--MANAGEMENT--CASE STUDIES | |
| 650 | _aPROFESSIONALS -- MARKETING | ||
| 995 |
_D0.00 _FCBU-MAIN LIBRARY (Kitwe) _H1 _I0.00 _M1 _UAVAILABLE _ZMain Library Open Access Collection |
||
| 999 |
_c50482 _d50482 |
||